C++ Neural Networks and Fuzzy Logic
Αποθηκεύτηκε σε:
| Κύριος συγγραφέας: | |
|---|---|
| Άλλοι συγγραφείς: | |
| Μορφή: | Βιβλίο |
| Γλώσσα: | English |
| Δημοσίευση: |
New York :
Mis Press,
1993
|
| Θέματα: | |
| Ετικέτες: |
Προσθήκη ετικέτας
Δεν υπάρχουν, Καταχωρήστε ετικέτα πρώτοι!
|
MARC
| LEADER | 00000nam a2200000 i 4500 | ||
|---|---|---|---|
| 001 | 1/40479 | ||
| 008 | 950214s1993 eng d | ||
| 020 | |a 1-55828-298-X | ||
| 035 | |a 1995 |c ΒΙΒΛΙΟΘΗΚΗ |l 10041266 | ||
| 040 | |a GR-MY-UA |b gre |e aacr | ||
| 041 | 0 | |a eng | |
| 082 | 0 | |a 006.3 | |
| 100 | 1 | |a Rao, Valluru. | |
| 245 | 1 | 0 | |a C++ Neural Networks and Fuzzy Logic / |c Valluru B. Rao and Hayagriva V. Rao |
| 260 | |a New York : |b Mis Press, |c 1993 | ||
| 300 | |a 408 p.; |c 24 cm.+ |e 1 computer disk (3 1/2 in.) | ||
| 500 | |a Includes bibliographical references and index | ||
| 650 | 0 | 0 | |a Neural networks (Computer science) |
| 650 | 0 | 0 | |a Fuzzy systems. |
| 650 | 0 | 0 | |a C++ (Computer program language) |
| 700 | 1 | |a Rao, Hayagriva V. | |
| 852 | |a INST |b SAMOS |e 19950214 |h 006.3 RAO |p 005300006438 |q 005300006438 |t BK |y 0 | ||
| 852 | |a INST |b SAMOS |e 19981110 |h 006.3 RAO |p 005300013918 |q 005300013918 |t BK |y 0 | ||
| 909 | |a Σ |b 035487 | ||
| 909 | |a Σ |b 060430 | ||